El español de América: actas del IV Congreso Internacional de El español de América

Salvato in:
Dettagli Bibliografici
Ente Autore: Pontificia Universidad Católica de Chile (Autore)
Natura: Libro
Lingua:spagnolo
Pubblicazione: Santiago PUC 1995
Soggetti:
Tags: Aggiungi Tag
Nessun Tag, puoi essere il primo ad aggiungerne!!

MARC

LEADER 00000nam a2200000 a 4500
001 UCI0083
003 CL-VaPUC
005 20250312125710.0
008 070420e19950000cl 1 spa d
020 |a 9561403889 
082 0 4 |a 467.9  |b PON  |2 21 
110 2 |a Pontificia Universidad Católica de Chile  |e author  |9 620995 
245 1 3 |a El español de América: actas del IV Congreso Internacional de El español de América 
260 |a Santiago  |b PUC  |c 1995 
300 |a v 
583 |a last modification  |c 20190910 11:36:12  |k Rodrigo Vera 
650 0 0 |a Español  |9 255372 
650 0 0 |a Gramática  |9 270497 
650 0 0 |a Lexicografía  |9 321487 
650 0 0 |a Lingüística  |9 265068 
650 0 0 |a Morfología  |9 334440 
650 0 0 |a Sociolingüística  |9 263716 
650 0 0 |a Etnolingüística  |9 341076 
650 0 0 |a Lenguas  |9 324269 
650 0 7 |a DIALECTOLOGIA  |2 CL-VaPUC  |9 461785 
650 0 0 |a Fonética  |9 308371 
650 0 0 |a Fonología   |9 341074 
650 0 0 |a Psicolingüística   |9 283371 
650 0 0 |a Traductores  |9 357262 
650 0 0 |a América  |9 446387 
942 |c BK 
945 |a jtorresc  |d 20070420 00:00:00 
546 |a En Español 
536 |a Pontificia Universidad Católica de Chile. Facultad de Letras 
518 |p Congreso Internacional de El español de América, 4, Santiago de Chile, 7 al 11 de Diciembre de 1992 
999 |c 384250  |d 384248 
952 |0 0  |1 0  |4 0  |6 467_900000000000000_PON_1995  |7 0  |8 A  |9 506877  |a FDOPOS  |b FDOPOS  |d 2020-01-23  |h v.1  |i 4273907  |o 467.9 PON 1995  |p 4273907  |r 2025-01-22  |w 2020-01-23  |y BK  |k MLA 
952 |0 0  |1 0  |4 0  |6 467_900000000000000_PON_1995  |7 0  |8 A  |9 506878  |a FDOPOS  |b FDOPOS  |d 2020-01-23  |h v.2  |i 4274717  |o 467.9 PON 1995  |p 4274717  |r 2025-01-22  |w 2020-01-23  |y BK  |k MLA